QCM sur l’Algérie - Statistiques

Statistiques générales
  • Ce quiz a été pris 560 fois
  • Le résultat moyen est 11 sur 12
Statistiques - réponses
Question Réponse % Correct
Quelle est la capitale de l’Algérie ? Alger
100%
Dans quelle zone géographique se trouve le pays ? Maghreb
95%
Qui fût président de l’Algérie de 1999 à 2019 ? Abdelaziz Bouteflika
94%
Lequel de ces 4 pays n’est PAS frontalier avec l’Algérie ? Égypte
94%
Quel est l’animal national ? Fennec
94%
Quelle monnaie est actuellement utilisée en Algérie ? Dinar
92%
En quelle année le pays a-t-il obtenu son indépendance de la France ? 1962
91%
Code à deux lettres pour l'Algérie DZ
91%
Lequel de ces footballeurs est algérien ? Riyad Mahrez
91%
Lequel de ces écrivains est né en Algérie ? Albert Camus
89%
Laquelle de ces photos a été prise en Algérie ?
84%
L’Algérie fait-elle partie de l’OTAN ? Non
78%
Aucun quiz correspondant
Distribution des résultats
% des personnes avec chaque résultat
Percentile par nombre de réponses
Votre historique - résultats
Vous n’avez pas pris ce quiz